000 00941nam a2200289Ia 4500
001 Para_7833
003 CHAP
008 220125s2002 xx 000 0 und d
010 _a205783
040 _cCHAP
090 _aPA TESIS 1629
100 _aAragón Acevedo, Emma
_96423
245 _aPrograma piloto para promover la producción y consumo de hortalizas en la comunidad de Tepache, Sonora /
_c por Emma Aragón Acevedo
260 _aChapingo, Méx. :
_b el autor
300 _a67 h.
502 _aTesis (Ing. Agr. Esp. en Parasitología Agrícola) -- UACh. Departamento Parasitología Agrícola
650 _aHorticultura
_956291
650 _aLegumbres
_965680
710 _aUACh. Departamento Parasitología Agrícola
_9164025
901 _aPA TESIS 1629
902 _aA
905 _a0000002002 dn 0000000000 00
910 _a2002
942 _cPARA
942 _cPARA
_d1
999 _c205783
_d205783